000 00532nam a2200193Ia 4500
003 OSt
005 20240726145438.0
008 210210b1986 xxu||||| |||| 00| 0 eng d
040 _cAL
041 _aKannada
082 _aK894.3 PADB
100 _aPADMAJE (K R).
_dಪದ್ಮಜೆ (ಕೆ ಅರ್)
_9174184
245 _aBelliya chandira.
_bಬೆಳ್ಳಿಯ ಚಂದಿರ.
260 _aBengaluru
_bPrakasha Sahitya
_c1986
300 _a156
690 _aKannada Fiction
_9174185
906 _a042918
942 _2ddc
_cBK
999 _c92487
_d92487